Регионална библиотека "Любен Каравелов" - Русе

Индор и Сянката на Страданието (Запис номер 325872)

MARC детайли
000 -Лидер
Контролно поле с фиксирана дължина 01164nam a2200265 a 4500
003 - Код на организацията, давaща контролен номер
Контролно поле BLK
005 - Дата и час на последна редакция
Контролно поле 20240610141411.0
008 - Елементи от данни с фиксирана дължина
fixed length control field 181105b bu ||||| |||| 00| 0 bu d
020 ## - Международен стандартен номер на книга ISBN
Международен стандартен номер на книга ISBN 9786199085424
040 ## - Източник на каталожния запис
Идентификатор на билиотеката - собственик на записа BLK
041 ## - Код за език
Код за езика на текст/звукозапис или на отделно заглавие Български
Код за езика КДБФ Български
080 ## - УДК
Текстов определител УДК Българска литература
УДК код - определител по УДК 821.163.2
УДК определител -312.9
УДК - код + определител 821.163.2-312.9
100 ## - Редна дума - Автор
Автор Добрев, Богомил Николаев
Дати, свързани с автора 1994 -
Автор - информация (биография) Автор на фентъзи. Преводач от/на английски език
R(LIN) 350095
139 ## - Редно поле
Редна дума Добрев, Богомил Николаев
Авторски знак До - Д 66
245 ## - Сведения за заглавието
Заглавие Индор и Сянката на Страданието
Редно поле (дума) Б. Н. Добрев, ил. Добромир Томов.
250 ## - Област на изданието
Сведения за изданието Кн. 2
260 ## - Област на издателските данни
9 (RLIN) 390449
Място на издаване, разпространение и проч. София
Име на издателя, разпространителя и проч. Акцент 96
Година на издаване 2017
300 ## - Физическа характеристика
Страници 440 с.
Илюстрации и др. с ил.
Размери/Мащаб 21 см
380 ## - Жанр
Жанр Худож. лит.
500 ## - Общи забележки
Забележка Биогр. данни за авт. и ил. отбелязани на с. 439. - Кн. 2 от поредицата "Индор: Магия от боговете"
700 ## - Други автори (авторска отговорност)
9 (RLIN) 599
Лично име Томов, Добромир Томов
Автороска отговорност (Описва отношението между автора и произведението) ил.
852 ## - Местоположение
Форматна сигнатура Цб 291273
Фондова буква Хранилище
999 ## - СИСТЕМНИ КОНТРОЛНИ НОМЕРА
Koha biblionumber 325872
Koha biblioitemnumber 325872
942 ## - АРТИКУЛИ
Вид на библиотечния материал Книги
Скрит в OPAC Не
Периодичен библиозапис Да
Koha issues (borrowed), all copies 4
999 ## - СИСТЕМНИ КОНТРОЛНИ НОМЕРА
Koha biblioitemnumber 325872
944 ## - СЪЗДАВАНЕ И РЕДАКЦИЯ на ЗАПИСА
Служител, извършил регистрацията/редакцията 30560
Статус, дата на статуса Геновева Генчева
Наличности
Код за отписване Код за изгубен артикул Източник на класификационната схема Код за повреда Коз за рестрикции Код за отдаване Артикулен № Име на библиотеката - собственик Име на библиотеката, в която се намира в момента Статус (Текущо местоположение) Дата на вписване в системата Местоположение - отдел Цена в лева Систематично азбучна сигнатура Баркод Цена в евро Служебен тип на артикула
  Не е изгубен Universal Decimal Classification Не е повреден без рестрикции ползва се в читалня 682294 Регионална библиотека "Любен Каравелов" Русе Регионална библиотека "Любен Каравелов" Русе Хранилище 2018-11-19 Хранилище 16.99 Цб 291273 120000824814 8.69 Книги
  Не е изгубен Universal Decimal Classification Не е повреден без рестрикции заемане за дома 799174 Регионална библиотека "Любен Каравелов" Русе Регионална библиотека "Любен Каравелов" Русе Заемна - подръчен фонд 2020-09-16 Заемна - подръчен фонд 11.91 821.163.2-31/Д 66 Б 120000846557 6.09 Книги
Vip Innovations Ltd, Rousse, Bulgaria 2025